| 000 | 02192 a2200349 4500 | ||
|---|---|---|---|
| 003 | Nust | ||
| 005 | 20221020174811.0 | ||
| 010 | _a 2010036856 | ||
| 020 | _a9781118001028 | ||
| 020 | _a9781118001028 | ||
| 035 | _a(OCoLC)712143525 | ||
| 040 | _cNust | ||
| 082 | 0 | 4 | _a620.01,KOS |
| 245 | 0 | 0 |
_aSystems engineering _h[Elektronisk resurs] : _bprinciples and practice / _cAlexander Kossiakoff ... [et al.]. |
| 250 | _a2nd ed. | ||
| 260 |
_aHoboken, N.J. : _bWiley-Interscience, _cc2011. |
||
| 300 |
_a1 online resource (528 p.) : _bill. |
||
| 490 | 0 |
_aWiley series in systems engineering and management ; _v67 |
|
| 505 | 0 | _aPart 1: Foundations of Systems Engineering (Page-1), Part 2: Concept Development Stage (Page-137), Part 3: Engineering Development Stage (Page-315), Part 4: Post Development Stage (Page-481). | |
| 650 | 0 | _aSystems engineering. | |
| 650 | 0 |
_aTECHNOLOGY & ENGINEERING _xElectronics _xGeneral. _9101052 |
|
| 650 | 0 |
_aTECHNOLOGY & ENGINEERING _xEngineering (General) _9101053 |
|
| 650 | 0 |
_aTECHNOLOGY & ENGINEERING _xReference. _9101054 |
|
| 655 | 4 | _aElectronic books. | |
| 655 | 4 |
_aElectronic books. _9101055 |
|
| 700 | 1 |
_aKossiakoff, Alexander, _d1914-2005. _9101056 |
|
| 856 | 4 | 2 |
_3Wiley InterScience _uhttp://dx.doi.org/10.1002/9781118001028 |
| 856 | 4 | 2 | _uhttp://link.sub.su.se/sfxsub?url_ver=Z39.88-2004&ctx_ver=Z39.88-2004&ctx_enc=info:ofi/enc:UTF-8&rfr_id=info:sid/sfxit.com:opac_856&url_ctx_fmt=info:ofi/fmt:kev:mtx:ctx&sfx.ignore_date_threshold=1&rft.object_id=2550000000031076&svc_val_fmt=info:ofi/fmt:kev:mtx:sch_svc& |
| 856 | 4 | 2 | _uhttp://sfxeu10.hosted.exlibrisgroup.com/sfxkth?url_ver=Z39.88-2004&ctx_ver=Z39.88-2004&ctx_enc=info:ofi/enc:UTF-8&rfr_id=info:sid/sfxit.com:opac_856&url_ctx_fmt=info:ofi/fmt:kev:mtx:ctx&sfx.ignore_date_threshold=1&rft.object_id=2550000000031076&svc_val_fmt=info:ofi/fmt:kev:mtx:sch_svc& |
| 856 | 4 | 2 | _uhttp://sfxeu11.hosted.exlibrisgroup.com/sfxkib?url_ver=Z39.88-2004&ctx_ver=Z39.88-2004&ctx_enc=info:ofi/enc:UTF-8&rfr_id=info:sid/sfxit.com:opac_856&url_ctx_fmt=info:ofi/fmt:kev:mtx:ctx&sfx.ignore_date_threshold=1&rft.object_id=2550000000031076&svc_val_fmt=info:ofi/fmt:kev:mtx:sch_svc& |
| 942 |
_2ddc _cBK |
||
| 999 |
_c212514 _d212514 |
||